000 00558nam a22001937a 4500
003 UA-OsUOA
001 44069
007 ta
008 20100115b un ||||| |||| 00| 0 ukr d
090 _a94(477).152(К)
_bП66
942 _cBK
040 _aUA-OsUOA
_bukr
_cUA-OsUOA
_dUA-OsUOA
245 _aПошта України
_b100-річчя першопоселення українців у Канаді
955 _a4
041 _aukr
080 _a94(477).152(К)
650 7 _a9 Географія. Біографії. Історія
_2UDC
999 _c423956
_d423956